<?xml version="1.0" encoding="UTF-8"?>
<record
    xmlns:xsi="http://www.w3.org/2001/XMLSchema-instance"
    xsi:schemaLocation="http://www.loc.gov/MARC21/slim http://www.loc.gov/standards/marcxml/schema/MARC21slim.xsd"
    xmlns="http://www.loc.gov/MARC21/slim">

  <leader>00685nam a22001577a 4500</leader>
  <controlfield tag="003">OSt</controlfield>
  <controlfield tag="005">20151111110626.0</controlfield>
  <controlfield tag="008">151005b        xxu||||| |||| 00| 0 eng d</controlfield>
  <datafield tag="040" ind1=" " ind2=" ">
    <subfield code="c">RUA </subfield>
  </datafield>
  <datafield tag="082" ind1=" " ind2=" ">
    <subfield code="a">FOR SAR 2004 B130 Or.1</subfield>
  </datafield>
  <datafield tag="100" ind1=" " ind2=" ">
    <subfield code="9">2078</subfield>
    <subfield code="a">SAR MAKARA</subfield>
  </datafield>
  <datafield tag="245" ind1=" " ind2=" ">
    <subfield code="a">A development project on small botanical garden of the forestry facul within royal university of agriculture, (&#x1782;&#x17C6;&#x179A;&#x17C4;&#x1784;&#x17A2;&#x1797;&#x17B7;&#x179C;&#x178C;&#x17D2;&#x178D;&#x1793;&#x17CD;&#x179F;&#x17BD;&#x1793;&#x179A;&#x17BB;&#x1780;&#x17D2;&#x1781;&#x1787;&#x17B6;&#x178F;&#x17B7;&#x1791;&#x17D2;&#x179A;&#x1784;&#x17CB;&#x1791;&#x17D2;&#x179A;&#x17B6;&#x1799;&#x178F;&#x17BC;&#x1785;&#x200B;&#x179A;&#x1794;&#x179F;&#x17CB;&#x1798;&#x17A0;&#x17B6;&#x179C;&#x17B7;&#x1791;&#x17D2;&#x1799;&#x17B6;&#x179B;&#x17D0;&#x1799;&#x1797;&#x17BC;&#x1798;&#x17B7;&#x1793;&#x17D2;&#x1791;&#x1780;&#x179F;&#x17B7;&#x1780;&#x1798;&#x17D2;&#x1798;)</subfield>
  </datafield>
  <datafield tag="260" ind1=" " ind2=" ">
    <subfield code="a">phnom penh </subfield>
    <subfield code="b">rua </subfield>
    <subfield code="c">2004</subfield>
  </datafield>
  <datafield tag="300" ind1=" " ind2=" ">
    <subfield code="a">x, 50p.</subfield>
    <subfield code="b">ill.</subfield>
    <subfield code="c">29cm.</subfield>
  </datafield>
  <datafield tag="942" ind1=" " ind2=" ">
    <subfield code="2">ddc</subfield>
    <subfield code="c">FOR</subfield>
  </datafield>
  <datafield tag="999" ind1=" " ind2=" ">
    <subfield code="c">1962</subfield>
    <subfield code="d">1962</subfield>
  </datafield>
  <datafield tag="952" ind1=" " ind2=" ">
    <subfield code="0">0</subfield>
    <subfield code="1">0</subfield>
    <subfield code="2">ddc</subfield>
    <subfield code="4">0</subfield>
    <subfield code="6">AVM_SAR_2004_000000000000000_B130_OR_1</subfield>
    <subfield code="7">0</subfield>
    <subfield code="9">8157</subfield>
    <subfield code="a">LBB</subfield>
    <subfield code="b">LBB</subfield>
    <subfield code="c">B130</subfield>
    <subfield code="d">2015-10-05</subfield>
    <subfield code="o">AVM SAR 2004 B130 Or.1</subfield>
    <subfield code="p">RUA008568</subfield>
    <subfield code="r">2015-10-05</subfield>
    <subfield code="w">2015-10-05</subfield>
    <subfield code="y">FOR</subfield>
  </datafield>
  <datafield tag="952" ind1=" " ind2=" ">
    <subfield code="0">0</subfield>
    <subfield code="1">0</subfield>
    <subfield code="2">ddc</subfield>
    <subfield code="4">0</subfield>
    <subfield code="6">FOR_SAR_2004_000000000000000_B130_OR_2</subfield>
    <subfield code="7">0</subfield>
    <subfield code="9">15481</subfield>
    <subfield code="a">LBB</subfield>
    <subfield code="b">LBB</subfield>
    <subfield code="c">B130</subfield>
    <subfield code="d">2015-11-11</subfield>
    <subfield code="o">FOR SAR 2004 B130 Or.2</subfield>
    <subfield code="p">RUA41582</subfield>
    <subfield code="r">2015-11-11</subfield>
    <subfield code="w">2015-11-11</subfield>
    <subfield code="y">FOR</subfield>
  </datafield>
  <datafield tag="952" ind1=" " ind2=" ">
    <subfield code="0">0</subfield>
    <subfield code="1">0</subfield>
    <subfield code="2">ddc</subfield>
    <subfield code="4">0</subfield>
    <subfield code="6">FOR_SAR_2004_000000000000000_B130_OR_3</subfield>
    <subfield code="7">0</subfield>
    <subfield code="9">15482</subfield>
    <subfield code="a">LBB</subfield>
    <subfield code="b">LBB</subfield>
    <subfield code="c">B130</subfield>
    <subfield code="d">2015-11-11</subfield>
    <subfield code="o">FOR SAR 2004 B130 Or.3</subfield>
    <subfield code="p">RUA41125</subfield>
    <subfield code="r">2015-11-11</subfield>
    <subfield code="w">2015-11-11</subfield>
    <subfield code="y">FOR</subfield>
  </datafield>
  <datafield tag="952" ind1=" " ind2=" ">
    <subfield code="0">0</subfield>
    <subfield code="1">0</subfield>
    <subfield code="2">ddc</subfield>
    <subfield code="4">0</subfield>
    <subfield code="6">FOR_SAR_2004_000000000000000_B130_OR_4</subfield>
    <subfield code="7">0</subfield>
    <subfield code="9">15483</subfield>
    <subfield code="a">LBB</subfield>
    <subfield code="b">LBB</subfield>
    <subfield code="c">B130</subfield>
    <subfield code="d">2015-11-11</subfield>
    <subfield code="o">FOR SAR 2004 B130 Or.4</subfield>
    <subfield code="p">RUA41392</subfield>
    <subfield code="r">2015-11-11</subfield>
    <subfield code="w">2015-11-11</subfield>
    <subfield code="y">FOR</subfield>
  </datafield>
  <datafield tag="952" ind1=" " ind2=" ">
    <subfield code="0">0</subfield>
    <subfield code="1">0</subfield>
    <subfield code="2">ddc</subfield>
    <subfield code="4">0</subfield>
    <subfield code="6">FOR_SAR_2004_000000000000000_B130_OR_5</subfield>
    <subfield code="7">0</subfield>
    <subfield code="9">15484</subfield>
    <subfield code="a">LBB</subfield>
    <subfield code="b">LBB</subfield>
    <subfield code="c">B130</subfield>
    <subfield code="d">2015-11-11</subfield>
    <subfield code="l">3</subfield>
    <subfield code="o">FOR SAR 2004 B130 Or.5</subfield>
    <subfield code="p">RUA42144</subfield>
    <subfield code="r">2023-09-22</subfield>
    <subfield code="s">2023-09-06</subfield>
    <subfield code="w">2015-11-11</subfield>
    <subfield code="y">FOR</subfield>
  </datafield>
  <datafield tag="952" ind1=" " ind2=" ">
    <subfield code="0">0</subfield>
    <subfield code="1">0</subfield>
    <subfield code="2">ddc</subfield>
    <subfield code="4">0</subfield>
    <subfield code="6">FOR_SAR_2004_000000000000000_B130_OR_6</subfield>
    <subfield code="7">0</subfield>
    <subfield code="9">15485</subfield>
    <subfield code="a">LBB</subfield>
    <subfield code="b">LBB</subfield>
    <subfield code="c">B130</subfield>
    <subfield code="d">2015-11-11</subfield>
    <subfield code="l">1</subfield>
    <subfield code="o">FOR SAR 2004 B130 Or.6</subfield>
    <subfield code="p">RUA42028</subfield>
    <subfield code="r">2023-01-24</subfield>
    <subfield code="s">2023-01-10</subfield>
    <subfield code="w">2015-11-11</subfield>
    <subfield code="y">FOR</subfield>
  </datafield>
</record>
